LEADER 01298nam a2200373 i 4500 001 991000722919707536 005 20020507172744.0 008 950210s1983 us ||| | eng 020 $a0898711827 035 $ab10748313-39ule_inst 035 $aLE01301296$9ExL 040 $aDip.to Matematica$beng 082 0 $a515.353 084 $aAMS 20C99 084 $aAMS 35B32 084 $aAMS 35B35 084 $aQA431 100 1 $aSattinger, David H.$040559 245 10$aBranching in the presence of symmetry /$cD. H. Sattinger 260 $aPhiladelphia, Pa. :$bSIAM (Society for Industrial and Applied Mathematics),$c1983 300 $avii, 73 p. :$bill. ;$c25 cm. 490 0 $aCBMS-NSF Regional conference series in applied mathematics ;$v40 500 $aBibliography: p. 71-73 650 4$aBifurcation theory 650 4$aFunctional equations 650 4$aMaxima and minima 650 4$aSingularities 650 4$aSymmetry groups 907 $a.b10748313$b23-02-17$c28-06-02 912 $a991000722919707536 945 $aLE013 35B SAT12 (1983)$g1$i2013000021003$lle013$o-$pE0.00$q-$rl$s- $t0$u2$v40$w2$x0$y.i1084076x$z28-06-02 996 $aBranching in the presence of symmetry$9911666 997 $aUNISALENTO 998 $ale013$b01-01-95$cm$da $e-$feng$gus $h0$i1 LEADER 03608nam 22006975 450 001 9910743347103321 005 20230810231946.0 010 $a981-16-8723-4 010 $a981-16-8724-2 010 $a981-16-8724-2 024 7 $a10.1007/978-981-16-8724-2 035 $a(MiAaPQ)EBC6921768 035 $a(Au-PeEL)EBL6921768 035 $a(CKB)21393443800041 035 $a(DE-He213)978-981-16-8724-2 035 $a(PPN)26152061X 035 $a(EXLCZ)9921393443800041 100 $a20220311d2022 u| 0 101 0 $aeng 135 $aurcnu|||||||| 181 $ctxt$2rdacontent 182 $cc$2rdamedia 183 $acr$2rdacarrier 200 10$aAdvances in Structural Integrity $eStructural Integrity Over Multiple Length Scales /$fedited by Krishna Jonnalagadda, Alankar Alankar, Nagamani Jaya Balila, Tanmay Bhandakkar 205 $a1st ed. 2022. 210 1$aSingapore :$cSpringer Nature Singapore :$cImprint: Springer,$d2022. 215 $a1 online resource (450 pages) 225 1 $aLecture Notes in Mechanical Engineering,$x2195-4364 311 08$aPrint version: Jonnalagadda, Krishna Advances in Structural Integrity Singapore : Springer Singapore Pte. Limited,c2022 9789811687235 327 $aPerformance driven fan case design for durability evaluation in a blade impact event -- An atomistic study of activation parameters for plasticity evolution from a pristine and damaged grain boundary in Nickel -- Viscoplastic Constitutive Parameters for Inconel alloy-625 at 843K -- Design of Shock Absorber for Radioactive Coolant Tube Transportation Cask and Impact Analysis of Cask with Shock Absorber -- Design, Impact and Thermo-Mechanical Analysis of Radioactive Surveillance Specimen Transportation Cask -- Modified Cowper-Symonds Model for Predicting the Stress-Strain Behaviour of SA516 Gr. 70 Carbon Steel. 330 $aThis book comprises the proceedings of the 3rd Structural Integrity Conference and Exhibition (SICE 2020). The contents of the volume focus on structural integrity, life prediction, and condition monitoring which are reclassified under the domains of aerospace, fracture mechanics, fatigue, creep-fatigue interactions, civil structures, experimental techniques, computation mechanics, structural health monitoring, nondestructive testing, failure analysis, materials processing, stress corrosion cracking, reliability and risk analysis. This book will be a useful reference for students, researchers and practitioners. 410 0$aLecture Notes in Mechanical Engineering,$x2195-4364 606 $aStatics 606 $aAerospace engineering 606 $aAstronautics 606 $aBuilding materials 606 $aFire prevention 606 $aBuildings$xProtection 606 $aMechanical Statics and Structures 606 $aAerospace Technology and Astronautics 606 $aStructural Materials 606 $aFire Science, Hazard Control, Building Safety 615 0$aStatics. 615 0$aAerospace engineering. 615 0$aAstronautics. 615 0$aBuilding materials. 615 0$aFire prevention. 615 0$aBuildings$xProtection. 615 14$aMechanical Statics and Structures. 615 24$aAerospace Technology and Astronautics. 615 24$aStructural Materials. 615 24$aFire Science, Hazard Control, Building Safety. 676 $a624.171 702 $aJonnalagadda$b Krishna 801 0$bMiAaPQ 801 1$bMiAaPQ 801 2$bMiAaPQ 906 $aBOOK 912 $a9910743347103321 996 $aAdvances in Structural Integrity$92544424 997 $aUNINA